[Event "Cannes op"]
[Site "Cannes"]
[Date "1994.??.??"]
[Round "?"]
[White "Casa, Alex"]
[Black "Borne, Niels"]
[Result "0-1"]
[WhiteElo "2175"]
[BlackElo "2280"]
[PlyCount "62"]
[EventDate "1994.02.??"]
[EventType "swiss"]
[EventRounds "9"]
[EventCountry "FRA"]
[SourceTitle "EXT 2003"]
[Source "ChessBase"]
[SourceDate "2002.11.25"]
[SourceVersion "1"]
[SourceVersionDate "2002.11.25"]
[SourceQuality "1"]

1. e4 c5 2. Nf3 d6 3. d4 cxd4 4. Nxd4 Nf6 5. Nc3 a6 6. Bg5 e6 7. f4 Be7 8. Qf3 Qa5 9. 0-0-0 Bd7 10. Bc4 Nc6 11. Nxc6 Bxc6 12. Rhe1 h6 13. Bxf6 Bxf6 14. Nd5 Bxd5 15. exd5 e5 16. fxe5 Bxe5 17. Rxe5+ dxe5 18. d6 0-0 19. Qxb7 Rab8 20. Bxf7+ Kh8 21. Qe7 Qb4 22. Bb3 Qf4+ 23. Kb1 Qd2 24. c3 Rf1 25. Rxf1 Qd3+ 26. Kc1 Qxf1+ 27. Kc2 Rf8 28. Bc4 Qxg2+ 29. Kb3 Rb8+ 30. Ka3 Qxb2+ 31. Ka4 Qxc3 0-1

[Event "Imperia op 32nd"]
[Site "Imperia"]
[Date "1990.09.06"]
[Round "6.26"]
[White "Hoerstmann, Rudi"]
[Black "Casa, Alex"]
[Result "0-1"]
[WhiteElo "2285"]
[BlackElo "2215"]
[PlyCount "76"]
[EventDate "1990.09.01"]
[EventType "swiss"]
[EventRounds "9"]
[EventCountry "ITA"]
[SourceTitle "EXT 2024"]
[Source "ChessBase"]
[SourceDate "2023.10.10"]
[SourceVersion "1"]
[SourceVersionDate "2023.10.10"]
[SourceQuality "1"]

1. d4 Nf6 2. c4 g6 3. Nc3 Bg7 4. e4 d6 5. Nf3 0-0 6. Be2 e5 7. 0-0 Nc6 8. d5 Ne7 9. Ne1 Nd7 10. Nd3 f5 11. Bd2 Nf6 12. f3 c6 13. b4 b5 14. dxc6 bxc4 15. Ne1 Nxc6 16. Bxc4+ Kh8 17. b5 Nd4 18. Nc2 Bb7 19. Bd3 d5 20. exd5 Nxd5 21. Kh1 Rc8 22. Ne2 Re8 23. Ng3 Nf4 24. Nxd4 Qxd4 25. Bc2 Qb2 26. Rc1 Red8 27. Rf2 Qxa2 28. Nf1 Qb2 29. Ne3 Nd3 30. Bxd3 Rxd3 31. Rxc8+ Bxc8 32. Nf1 Qxb5 33. Qc2 Qd7 34. Re2 Bb7 35. Re1 e4 36. fxe4 Bxe4 37. Qc1 Qb7 38. Re2 Rb3 0-1

[Event "Imperia op 32nd"]
[Site "Imperia"]
[Date "1990.09.05"]
[Round "5.30"]
[White "Martin, Tiziano"]
[Black "Casa, Alex"]
[Result "0-1"]
[WhiteElo "1951"]
[BlackElo "2200"]
[PlyCount "124"]
[EventDate "1990.09.01"]
[EventType "swiss"]
[EventRounds "9"]
[EventCountry "ITA"]
[SourceTitle "EXT 2024"]
[Source "ChessBase"]
[SourceDate "2023.10.10"]
[SourceVersion "1"]
[SourceVersionDate "2023.10.10"]
[SourceQuality "1"]

1. Nf3 Nf6 2. d4 g6 3. Bf4 d6 4. h3 Bg7 5. e3 0-0 6. Be2 c5 7. c3 Nc6 8. 0-0 Qb6 9. Qc1 Ne4 10. Nbd2 Nxd2 11. Qxd2 e5 12. dxe5 dxe5 13. Bh2 Bf5 14. Qc1 Rad8 15. Nd2 Qc7 16. e4 Be6 17. Qc2 Qe7 18. Rfd1 Kh8 19. Bc4 Rxd2 20. Rxd2 Bxc4 21. Kh1 Be6 22. Bg1 Bh6 23. Rdd1 c4 24. Re1 Rd8 25. Rad1 Rxd1 26. Qxd1 Qh4 27. f3 Bf4 28. Re2 Bg3 29. Qd6 Kg7 30. Qc7 g5 31. Qxb7 g4 32. fxg4 Bxg4 33. Re3 Nd8 34. Rxg3 Qxg3 35. Qd5 Bxh3 36. gxh3 Qxh3+ 37. Bh2 Qf1+ 38. Bg1 Qf3+ 39. Kh2 Qh5+ 40. Kg2 Ne6 41. Bh2 Qg4+ 42. Kh1 f6 43. Qd7+ Kh6 44. Qc6 Qf3+ 45. Kg1 Qg4+ 46. Kf2 Kh5 47. Qxc4 Ng5 48. Qe2 Nxe4+ 49. Ke1 Ng5 50. Qxg4+ Kxg4 51. Kf2 Nf3 52. Bg3 Nd2 53. Kg2 e4 54. Bf2 a6 55. b3 f5 56. Be3 Nb1 57. c4 f4 58. c5 Nc3 59. Bd2 Nd5 60. b4 e3 61. Be1 f3+ 62. Kf1 f2 0-1

[Event "Imperia op 32nd"]
[Site "Imperia"]
[Date "1990.09.04"]
[Round "4.27"]
[White "Casa, Alex"]
[Black "Kluss, Kai"]
[Result "0-1"]
[WhiteElo "2200"]
[BlackElo "2210"]
[PlyCount "64"]
[EventDate "1990.09.01"]
[EventType "swiss"]
[EventRounds "9"]
[EventCountry "ITA"]
[SourceTitle "EXT 2024"]
[Source "ChessBase"]
[SourceDate "2023.10.10"]
[SourceVersion "1"]
[SourceVersionDate "2023.10.10"]
[SourceQuality "1"]

1. e4 c5 2. Nf3 d6 3. d4 cxd4 4. Nxd4 Nf6 5. Nc3 Nc6 6. Be3 Ng4 7. Bb5 Nxe3 8. fxe3 Bd7 9. 0-0 Ne5 10. Be2 g6 11. Nf3 Bg7 12. Nd4 0-0 13. Nd5 Bc6 14. c4 e6 15. Nc3 Qg5 16. Rf4 h5 17. Qf1 Ng4 18. Bxg4 hxg4 19. Nxc6 bxc6 20. Qe2 Be5 21. Rxg4 Qh5 22. Rg3 Qxe2 23. Nxe2 Bxg3 24. Nxg3 Rab8 25. b3 Rfd8 26. Ne2 d5 27. Nd4 Rbc8 28. exd5 cxd5 29. Rc1 Rc5 30. Nf3 dxc4 31. bxc4 Rd3 32. Kf2 Ra3 0-1

[Event "Cannes op"]
[Site "Cannes"]
[Date "1990.??.??"]
[Round "2"]
[White "Bricard, Emmanuel"]
[Black "Casa, Alex"]
[Result "0-1"]
[WhiteElo "2375"]
[BlackElo "2120"]
[PlyCount "66"]
[EventDate "1990.02.??"]
[EventType "swiss"]
[EventRounds "9"]
[EventCountry "FRA"]
[SourceTitle "EXT 1997"]
[Source "ChessBase"]
[SourceDate "1996.11.15"]
[SourceVersion "1"]
[SourceVersionDate "1996.11.15"]
[SourceQuality "1"]

1. c4 Nf6 2. Nc3 g6 3. g3 Bg7 4. Bg2 d6 5. Nf3 0-0 6. 0-0 Nc6 7. Rb1 e5 8. d3 h6 9. b4 Be6 10. b5 Ne7 11. a4 Qd7 12. Re1 Bh3 13. Bh1 Ng4 14. Ba3 f5 15. c5 Kh7 16. Qb3 Rae8 17. b6 axb6 18. cxd6 cxd6 19. Rec1 Nc6 20. Qxb6 e4 21. dxe4 fxe4 22. Nxe4 Rxe4 23. Qxb7 Qxb7 24. Rxb7 Rxe2 25. Bxd6 Rfe8 26. Bg2 Bxg2 27. Kxg2 Rxf2+ 28. Kh3 Rxf3 29. Kxg4 Nd4 30. Rcc7 h5+ 31. Kh3 Nf5 32. a5 Re2 33. Bf4 g5 0-1

[Event "Lugano op"]
[Site "Lugano"]
[Date "1989.03.07"]
[Round "5"]
[White "Stull, Norbert"]
[Black "Casa, Alex"]
[Result "1/2-1/2"]
[WhiteElo "2230"]
[BlackElo "2215"]
[PlyCount "56"]
[EventDate "1989.03.03"]
[EventType "swiss"]
[EventRounds "9"]
[EventCountry "SUI"]
[SourceTitle "TD"]
[Source "ChessBase"]
[SourceDate "1994.03.01"]
[SourceVersion "1"]
[SourceVersionDate "1994.03.01"]
[SourceQuality "1"]

1. c4 Nf6 2. Nc3 g6 3. e4 d6 4. d4 Bg7 5. Be2 0-0 6. Bg5 c5 7. d5 e6 8. Qd2 exd5 9. exd5 Re8 10. Nf3 Bg4 11. 0-0 Bxf3 12. Bxf3 Nbd7 13. Rae1 Ne5 14. Be2 a6 15. f4 Ned7 16. Bd3 Rxe1 17. Rxe1 Qf8 18. f5 Re8 19. Rf1 Qe7 20. Qf4 Qe5 21. fxg6 hxg6 22. Qxe5 Nxe5 23. Be2 Ned7 24. Bf4 Ne5 25. Bg5 Ned7 26. Bf4 Ne5 27. Bg5 Nfd7 28. Bd2 f5 1/2-1/2

[Event "Lugano op"]
[Site "Lugano"]
[Date "1989.03.06"]
[Round "4"]
[White "Gawehns, Klaus"]
[Black "Casa, Alex"]
[Result "1-0"]
[WhiteElo "2355"]
[BlackElo "2215"]
[PlyCount "47"]
[EventDate "1989.03.03"]
[EventType "swiss"]
[EventRounds "9"]
[EventCountry "SUI"]
[SourceTitle "TD"]
[Source "ChessBase"]
[SourceDate "1994.03.01"]
[SourceVersion "1"]
[SourceVersionDate "1994.03.01"]
[SourceQuality "1"]

1. d4 Nf6 2. c4 g6 3. Nc3 Bg7 4. e4 d6 5. Nf3 0-0 6. Be2 e5 7. d5 Nbd7 8. 0-0 Nc5 9. Qc2 a5 10. Bg5 h6 11. Be3 Nh5 12. g3 Bh3 13. Rfe1 f5 14. exf5 Bxf5 15. Qd2 Ne4 16. Nxe4 Bxe4 17. Nh4 Nf4 18. Bf1 g5 19. Bxf4 exf4 20. Rxe4 fxg3 21. fxg3 gxh4 22. Rxh4 Qf6 23. Bh3 Qxb2 24. Be6+ 1-0

[Event "Uzes op"]
[Site "Uzes"]
[Date "1989.??.??"]
[Round "7"]
[White "Boudre, Jean Pierre"]
[Black "Casa, Alex"]
[Result "1-0"]
[WhiteElo "2400"]
[BlackElo "2120"]
[PlyCount "93"]
[EventDate "1989.??.??"]
[EventType "swiss"]
[EventRounds "9"]
[EventCountry "FRA"]
[SourceTitle "EXT 1997"]
[Source "ChessBase"]
[SourceDate "1996.11.15"]
[SourceVersion "1"]
[SourceVersionDate "1996.11.15"]
[SourceQuality "1"]

1. e4 e5 2. Nf3 Nc6 3. Bb5 Bc5 4. c3 Nf6 5. 0-0 0-0 6. d4 Bb6 7. Bg5 h6 8. Bh4 d6 9. Re1 Qe7 10. Bxc6 bxc6 11. Qa4 Bb7 12. Nbd2 g5 13. Bg3 Nd7 14. dxe5 dxe5 15. Nc4 f6 16. Na5 Nc5 17. Qa3 Bxa5 18. Qxa5 Nd3 19. Re2 Qc5 20. Qxc5 Nxc5 21. Ne1 Rfd8 22. f3 Ba6 23. Rc2 Ne6 24. Bf2 Nf4 25. Be3 Ne6 26. Kf2 c5 27. Rd2 Rxd2+ 28. Bxd2 Rd8 29. Be3 Kf7 30. Rc1 Ke7 31. c4 Nd4 32. Nd3 Kd6 33. a3 Bc8 34. b4 cxb4 35. axb4 Be6 36. Nc5 Rb8 37. Na6 Rb7 38. b5 Nb3 39. Rc3 Na5 40. Nc5 Rb8 41. Nxe6 Kxe6 42. Bxa7 Rd8 43. Ke2 Ra8 44. Bc5 Nb7 45. Ra3 Rd8 46. Ra6+ Kf7 47. Bb4 1-0

[Event "Uzes op"]
[Site "Uzes"]
[Date "1989.??.??"]
[Round "6"]
[White "Casa, Alex"]
[Black "Chomet, Pascal"]
[Result "1/2-1/2"]
[WhiteElo "2120"]
[BlackElo "2265"]
[PlyCount "160"]
[EventDate "1989.??.??"]
[EventType "swiss"]
[EventRounds "9"]
[EventCountry "FRA"]
[SourceTitle "EXT 1997"]
[Source "ChessBase"]
[SourceDate "1996.11.15"]
[SourceVersion "1"]
[SourceVersionDate "1996.11.15"]
[SourceQuality "1"]

1. e4 c5 2. Nf3 e6 3. d4 cxd4 4. Nxd4 a6 5. Bd3 Qc7 6. 0-0 Nf6 7. Qe2 d6 8. Nc3 Be7 9. Kh1 0-0 10. f4 Nbd7 11. Bd2 b5 12. a3 Bb7 13. Rae1 Nc5 14. Rf3 Rfe8 15. Rh3 g6 16. Nf3 Nfd7 17. Ng5 Nf8 18. Qg4 Bf6 19. Rf1 Qe7 20. e5 Bg7 21. Qg3 Red8 22. b4 Nxd3 23. cxd3 Rac8 24. Nce4 Rc2 25. Be3 h6 26. exd6 Rxd6 27. Bc5 Rxc5 28. bxc5 Rd4 29. Nd6 hxg5 30. fxg5 Rd5 31. Rxf7 Rf5 32. Rxf5 exf5 33. Nxb7 Qxb7 34. Qd6 b4 35. c6 Qb5 36. axb4 Be5 37. Qc5 Kf7 38. Re3 Qxc5 39. bxc5 Bf4 40. Rf3 Be5 41. Re3 Bf4 42. Re2 Ne6 43. d4 Nxd4 44. Ra2 Ne6 45. Rxa6 Nc7 46. Ra4 Be5 47. Ra3 f4 48. Rd3 Ke6 49. Rd7 Nd5 50. Rd8 Ne7 51. Re8 Kf7 52. Ra8 Nxc6 53. Ra6 Nb4 54. Rb6 Nd5 55. Ra6 Nb4 56. Rb6 Nd5 57. Ra6 Nc7 58. Rb6 Ne6 59. Rb7+ Nc7 60. Rb6 Ne6 61. Rb7+ Ke8 62. c6 Nc7 63. Kg1 Kf7 64. Kf2 Ke6 65. Kf3 Kd5 66. Rb8 Ne6 67. Rg8 Nxg5+ 68. Kg4 Ne6 69. Rxg6 f3 70. Kxf3 Bxh2 71. g3 Nd4+ 72. Ke3 Bg1+ 73. Kf4 Nxc6 74. Rg5+ Ke6 75. g4 Bd4 76. Ke4 Bf6 77. Rc5 Ne7 78. Ra5 Kf7 79. g5 Bg7 80. Ra6 Bc3 1/2-1/2

[Event "Uzes op"]
[Site "Uzes"]
[Date "1989.??.??"]
[Round "4"]
[White "Casa, Alex"]
[Black "Orsini, Romina P"]
[Result "1-0"]
[WhiteElo "2120"]
[BlackElo "1820"]
[PlyCount "51"]
[EventDate "1989.??.??"]
[EventType "swiss"]
[EventRounds "9"]
[EventCountry "FRA"]
[SourceTitle "EXT 1997"]
[Source "ChessBase"]
[SourceDate "1996.11.15"]
[SourceVersion "1"]
[SourceVersionDate "1996.11.15"]
[SourceQuality "1"]

1. e4 c5 2. Nf3 d6 3. d4 cxd4 4. Nxd4 Nf6 5. Nc3 g6 6. Be3 Bg7 7. f3 0-0 8. Qd2 Nc6 9. Bc4 Bd7 10. 0-0-0 Rc8 11. Bb3 Ne5 12. h4 h5 13. g4 Nc4 14. Bxc4 Rxc4 15. Rdg1 a6 16. Nf5 Be6 17. Nxg7 Kxg7 18. Bh6+ Kh7 19. Bxf8 Qxf8 20. gxh5 Nxh5 21. Rg5 Qh6 22. Rhg1 Nf6 23. Ne2 Nh5 24. b3 Rc8 25. f4 Bd7 26. Qd5 1-0

[Event "Uzes op"]
[Site "Uzes"]
[Date "1989.??.??"]
[Round "5"]
[White "Fournier, Jean Fred"]
[Black "Casa, Alex"]
[Result "0-1"]
[WhiteElo "1750"]
[BlackElo "2120"]
[PlyCount "72"]
[EventDate "1989.??.??"]
[EventType "swiss"]
[EventRounds "9"]
[EventCountry "FRA"]
[SourceTitle "EXT 1997"]
[Source "ChessBase"]
[SourceDate "1996.11.15"]
[SourceVersion "1"]
[SourceVersionDate "1996.11.15"]
[SourceQuality "1"]

1. d4 Nf6 2. c4 g6 3. Nc3 Bg7 4. e4 d6 5. Nf3 0-0 6. Be2 e5 7. 0-0 Nc6 8. Be3 Ng4 9. Bg5 f6 10. Bc1 Qe8 11. h3 Nh6 12. d5 Ne7 13. Be3 f5 14. Bg5 a6 15. Qc1 Nf7 16. Bd2 fxe4 17. Nxe4 Nf5 18. Re1 Nd4 19. Nxd4 exd4 20. Bg4 Ne5 21. Qc2 Bxg4 22. hxg4 Qd7 23. f3 h6 24. Nf2 Kh7 25. Rac1 Rf7 26. b3 Raf8 27. Re4 Qd8 28. Nd3 Nxf3+ 29. gxf3 Rxf3 30. Rf4 Rg3+ 31. Kf1 Qh4 32. Rxf8 Qh1+ 33. Ke2 Qe4+ 34. Kd1 Qxg4+ 35. Ke1 Bxf8 36. Bf4 Rg2 0-1

[Event "Cannes op"]
[Site "Cannes"]
[Date "1989.??.??"]
[Round "?"]
[White "Ivkov, Borislav"]
[Black "Casa, Alex"]
[Result "1-0"]
[WhiteElo "2460"]
[BlackElo "2215"]
[PlyCount "105"]
[EventDate "1989.02.??"]
[EventType "swiss"]
[EventRounds "9"]
[EventCountry "FRA"]
[SourceTitle "TD"]
[Source "ChessBase"]
[SourceDate "1994.03.01"]
[SourceVersion "1"]
[SourceVersionDate "1994.03.01"]
[SourceQuality "1"]

1. Nf3 Nf6 2. g3 g6 3. Bg2 Bg7 4. 0-0 d6 5. d4 0-0 6. c4 c5 7. dxc5 dxc5 8. Nc3 Nc6 9. Bf4 Nh5 10. Bg5 h6 11. Be3 Nd4 12. Qc1 Kh7 13. Rd1 e5 14. h3 f5 15. Bxd4 cxd4 16. e3 Be6 17. exd4 exd4 18. Nd5 Bxd5 19. cxd5 Qb6 20. Qc4 d3 21. Rxd3 Qxb2 22. Rad1 Nf6 23. R1d2 Qa1+ 24. Rd1 Qb2 25. d6 Ne4 26. Nd2 Rac8 27. Qb3 Qxb3 28. Nxb3 b6 29. Bxe4 fxe4 30. Re3 Rce8 31. Nd4 Bxd4 32. Rxd4 Rf6 33. Rc3 Rf7 34. Kf1 Kg7 35. Ke2 Kf6 36. Rc7 Rxc7 37. dxc7 Rc8 38. Rd7 Kf5 39. Ke3 Ke5 40. g4 a5 41. h4 b5 42. Re7+ Kf6 43. Rh7 b4 44. Kxe4 a4 45. f4 b3 46. axb3 a3 47. g5+ hxg5 48. hxg5+ Ke6 49. Rg7 Kd6 50. Rxg6+ Kc5 51. Ra6 Kb4 52. Ra7 Kxb3 53. Ke5 1-0

[Event "Imperia op 29th"]
[Site "Imperia"]
[Date "1987.09.11"]
[Round "6.27"]
[White "Casa, Alex"]
[Black "Visentin, Claudio"]
[Result "0-1"]
[WhiteElo "2225"]
[BlackElo "2110"]
[PlyCount "61"]
[EventDate "1987.09.06"]
[EventType "swiss"]
[EventRounds "8"]
[EventCountry "ITA"]
[SourceTitle "EXT 2023"]
[Source "ChessBase"]
[SourceDate "2022.10.05"]
[SourceVersion "1"]
[SourceVersionDate "2022.10.05"]
[SourceQuality "1"]

1. e4 e6 2. d4 d5 3. e5 c5 4. dxc5 Nc6 5. Nf3 Bxc5 6. Bd3 f6 7. exf6 Nxf6 8. 0-0 0-0 9. c4 Kh8 10. Nc3 e5 11. cxd5 Nxd5 12. Ne4 Bb6 13. Bg5 Qe8 14. Nd6 Qh5 15. Nxc8 Raxc8 16. Be4 Nf4 17. Bxf4 Rxf4 18. Qe2 Qg4 19. Rae1 Ba5 20. h3 Qe6 21. Rc1 Re8 22. Bxc6 bxc6 23. Rc5 Bc7 24. Rfc1 Bb8 25. Rxc6 Qxa2 26. Ng5 h6 27. Qh5 Rd8 28. Ne6 Qxb2 29. Nxd8 Qxf2+ 30. Kh1 e4 31. Rc8 0-1

[Event "Imperia op 29th"]
[Site "Imperia"]
[Date "1987.09.10"]
[Round "5.27"]
[White "Casa, Alex"]
[Black "Unterfraumer, Albert"]
[Result "1/2-1/2"]
[WhiteElo "2225"]
[BlackElo "1900"]
[PlyCount "39"]
[EventDate "1987.09.06"]
[EventType "swiss"]
[EventRounds "8"]
[EventCountry "ITA"]
[SourceTitle "EXT 2023"]
[Source "ChessBase"]
[SourceDate "2022.10.05"]
[SourceVersion "1"]
[SourceVersionDate "2022.10.05"]
[SourceQuality "1"]

1. e4 c5 2. Nf3 e6 3. d4 cxd4 4. Nxd4 a6 5. Bd3 Qc7 6. 0-0 Nf6 7. c4 Nc6 8. Nxc6 dxc6 9. Qe2 e5 10. h3 Bc5 11. Be3 Bxe3 12. Qxe3 Nh5 13. Rc1 Be6 14. Nc3 Rd8 15. Bf1 0-0 16. Qg5 Nf4 17. Nd5 cxd5 18. cxd5 Qd6 19. dxe6 Nxe6 20. Qe3 1/2-1/2

[Event "Imperia op 29th"]
[Site "Imperia"]
[Date "1987.09.07"]
[Round "2.18"]
[White "Casa, Alex"]
[Black "Piantoni, Roberto"]
[Result "1/2-1/2"]
[WhiteElo "2225"]
[BlackElo "2089"]
[PlyCount "63"]
[EventDate "1987.09.06"]
[EventType "swiss"]
[EventRounds "8"]
[EventCountry "ITA"]
[SourceTitle "EXT 2023"]
[Source "ChessBase"]
[SourceDate "2022.10.05"]
[SourceVersion "1"]
[SourceVersionDate "2022.10.05"]
[SourceQuality "1"]

1. e4 Nf6 2. e5 Nd5 3. Nf3 d6 4. d4 g6 5. Bc4 Nb6 6. Bb3 Bg7 7. Ng5 d5 8. f4 f6 9. Nf3 Nc6 10. c3 Bf5 11. Qe2 0-0 12. Nbd2 a5 13. a4 Bh6 14. Ne4 Bxe4 15. Qxe4 e6 16. Qe2 fxe5 17. fxe5 Bxc1 18. Rxc1 Ne7 19. 0-0 Nf5 20. Qf2 Qe8 21. g4 Nh6 22. Qh4 Nf7 23. c4 dxc4 24. Bxc4 Nxc4 25. Rxc4 c6 26. Nd2 Qd8 27. Qxd8 Raxd8 28. Ne4 b5 29. Rxc6 Rxd4 30. Nf6+ Kg7 31. Rxe6 bxa4 32. h3 1/2-1/2

[Event "Imperia op 27th"]
[Site "Imperia"]
[Date "1985.09.02"]
[Round "2"]
[White "Casa, Alex"]
[Black "Pizzuto, Samuele Tullio"]
[Result "1/2-1/2"]
[WhiteElo "2275"]
[BlackElo "2014"]
[PlyCount "52"]
[EventDate "1985.09.01"]
[EventType "swiss"]
[EventRounds "9"]
[EventCountry "ITA"]
[SourceTitle "EXT 2024"]
[Source "ChessBase"]
[SourceDate "2023.10.10"]
[SourceVersion "1"]
[SourceVersionDate "2023.10.10"]
[SourceQuality "1"]

1. e4 c5 2. Nf3 e6 3. d4 cxd4 4. Nxd4 Nc6 5. Nc3 Qc7 6. Be3 a6 7. g3 Nf6 8. Nxc6 bxc6 9. Bg2 Rb8 10. Rb1 Be7 11. 0-0 0-0 12. e5 Nd5 13. Nxd5 cxd5 14. b3 Bb7 15. Bd4 Rbc8 16. c3 f5 17. f4 Bc5 18. Rc1 a5 19. Re1 Ba6 20. Qd2 Qb6 21. Bxc5 Rxc5 22. Qd4 Rfc8 23. Bf1 Bxf1 24. Rxf1 Qc6 25. Rf3 Kf7 26. Rd3 Rc7 1/2-1/2

[Event "Imperia op 26th"]
[Site "Imperia"]
[Date "1984.09.07"]
[Round "7"]
[White "Casa, Alex"]
[Black "Paniagua, Roberto Eduardo"]
[Result "1/2-1/2"]
[WhiteElo "2200"]
[BlackElo "2285"]
[PlyCount "156"]
[EventDate "1984.09.01"]
[EventType "swiss"]
[EventRounds "9"]
[EventCountry "ITA"]
[SourceTitle "EXT 2024"]
[Source "ChessBase"]
[SourceDate "2023.10.10"]
[SourceVersion "1"]
[SourceVersionDate "2023.10.10"]
[SourceQuality "1"]

1. e4 Nf6 2. e5 Nd5 3. d4 d6 4. Nf3 Bg4 5. Be2 e6 6. 0-0 a6 7. c4 Nb6 8. Nc3 Bxf3 9. Bxf3 dxe5 10. c5 N6d7 11. Bxb7 Ra7 12. c6 Nb6 13. dxe5 Qxd1 14. Rxd1 Nc4 15. b3 Nxe5 16. Be3 Nexc6 17. Bxa7 Nxa7 18. Bf3 Ba3 19. Rab1 a5 20. Rd3 Ke7 21. Rbd1 Bb4 22. Kf1 Bd6 23. Ne4 Bb4 24. Rc1 c6 25. Nd2 Rc8 26. Nc4 Nb5 27. Ne5 c5 28. Nc4 Rc7 29. Ra1 Na3 30. Nxa3 Bxa3 31. Rad1 Nd7 32. Be2 Bb2 33. R1d2 Bd4 34. Rc2 e5 35. Rh3 Nf6 36. Bd3 h6 37. Rg3 Nh5 38. Rf3 g6 39. Bc4 Kf8 40. Rd3 f5 41. Rd1 Ke7 42. a3 Nf6 43. Rb1 Rb7 44. Rd1 Ne8 45. Ke2 Nd6 46. Bd5 Rb6 47. a4 Ra6 48. h3 Kf6 49. h4 f4 50. g4 fxg3 51. fxg3 Nf5 52. Rd3 h5 53. Kf3 Ke7 54. Be4 Kd6 55. Rc1 Ra7 56. Rf1 Rf7 57. Ke2 Ke6 58. Rdf3 Rf8 59. Bd3 Bb2 60. Kd2 Ba3 61. Kc3 Bb4+ 62. Kb2 Bd2 63. R1f2 Be1 64. Re2 Bb4 65. Ref2 Be1 66. Rf1 Bd2 67. Be4 Bb4 68. R3f2 Rf6 69. Bd3 Rf8 70. Bc4+ Ke7 71. Bd3 Ke6 72. Kb1 Bc3 73. Kc1 Bd4 74. Rf3 Rf6 75. Kd2 Rf8 76. Bc4+ Kd6 77. Bd3 Ke6 78. Kc1 Rf6 1/2-1/2

[Event "Imperia op 26th"]
[Site "Imperia"]
[Date "1984.09.03"]
[Round "3"]
[White "Casa, Alex"]
[Black "Barlocco, Carlo"]
[Result "1-0"]
[WhiteElo "2210"]
[BlackElo "2096"]
[PlyCount "77"]
[EventDate "1984.09.01"]
[EventType "swiss"]
[EventRounds "9"]
[EventCountry "ITA"]
[SourceTitle "EXT 2024"]
[Source "ChessBase"]
[SourceDate "2023.10.10"]
[SourceVersion "1"]
[SourceVersionDate "2023.10.10"]
[SourceQuality "1"]

1. e4 c5 2. Nf3 e6 3. d4 cxd4 4. Nxd4 Nf6 5. Nc3 Bb4 6. e5 Ne4 7. Qg4 Nxc3 8. Qxg7 Rf8 9. a3 Nb5+ 10. axb4 Nxd4 11. Bg5 Qb6 12. Bh6 Qxb4+ 13. c3 Nf5 14. cxb4 Nxg7 15. Bxg7 Rg8 16. Bf6 Nc6 17. b5 Nb4 18. Ra4 Nd5 19. Bd3 Nxf6 20. exf6 Rxg2 21. Rh4 d5 22. Rxh7 Rg8 23. f4 e5 24. fxe5 Be6 25. h4 Kd7 26. Rg7 Rh8 27. h5 Rh6 28. Kd2 Rah8 29. Be2 Rf8 30. Bf3 Rc8 31. Rc1 Rxc1 32. Kxc1 d4 33. Kd2 Bc4 34. Bg4+ Kc7 35. e6 Rxf6 36. Rxf7+ Rxf7 37. exf7 Bxf7 38. h6 Bg8 39. Kd3 1-0

[Event "London Lewisham op 2nd"]
[Site "London"]
[Date "1982.11.26"]
[Round "5"]
[White "Casa, Alex"]
[Black "Carlier, Bruno"]
[Result "0-1"]
[WhiteElo "2235"]
[BlackElo "2245"]
[PlyCount "74"]
[EventDate "1982.11.22"]
[EventType "swiss"]
[EventRounds "9"]
[EventCountry "ENG"]
[SourceTitle "EXT 2008"]
[Source "ChessBase"]
[SourceDate "2007.11.25"]
[SourceVersion "1"]
[SourceVersionDate "2007.11.25"]
[SourceQuality "1"]

1. e4 c5 2. Nf3 e6 3. d4 cxd4 4. Nxd4 Nf6 5. Nc3 Bb4 6. e5 Nd5 7. Qg4 0-0 8. Bh6 g6 9. Bxf8 Qxf8 10. Qg3 Nc6 11. Nxc6 bxc6 12. Be2 Qc5 13. a3 Ba5 14. b4 Nxb4 15. 0-0 Nd5 16. Ne4 Qd4 17. Bd3 Bc7 18. Nd6 Bxd6 19. exd6 Nf4 20. Rab1 Qxd6 21. Rb4 e5 22. Rfb1 Kg7 23. Kh1 Qc7 24. Bf1 c5 25. R4b2 d5 26. Qe3 Be6 27. Rb7 Qd6 28. Qd2 Bc8 29. R7b3 d4 30. g3 Qc6+ 31. Kg1 Nh3+ 32. Bxh3 Bxh3 33. f3 c4 34. Rb5 Qxf3 35. Rxe5 Rd8 36. Re2 c3 37. Qe1 Re8 0-1